|
|
|
|
| LEADER |
00000cam a2200000 a 4500 |
| 001 |
vtls001271741 |
| 003 |
SK-MaSNL |
| 005 |
20260302060740.0 |
| 008 |
240226s1961 xo a gr 000 0 rus |
| 015 |
|
|
|a SNBA1962/02-00263
|
| 020 |
|
|
|q (viazané)
|
| 035 |
|
|
|a SNK000222863
|
| 035 |
|
|
|a urn:nbn:sk:snk-am3irhq
|
| 035 |
|
|
|a 9DBEFA94-DC23-42F7-8083-8894A8832045
|
| 035 |
|
|
|a urn:nbn:sk:snk-am00ff37
|
| 040 |
|
|
|a SNK
|b slo
|c SNK
|e AACR2
|
| 041 |
1 |
|
|a rus
|h cze
|
| 044 |
|
|
|a xo
|c SK
|
| 072 |
|
7 |
|a 616
|x Patológia. Klinická medicína
|2 konspekt
|
| 080 |
|
|
|a 616.15
|2 2011
|
| 080 |
|
|
|a (084.4)
|2 2011
|
| 100 |
1 |
|
|a Hule, Vilém,
|d 1916-1981
|4 aut
|9 185545
|
| 245 |
1 |
0 |
|a Gematologičeskij atlas
|c Vilem Gule ; z češskogo originala avtora perevela Zden'ka Špacova
|
| 250 |
|
|
|a Vtoroe vidanie
|
| 260 |
|
|
|a Bratislava
|b Slovackaja akademija nauk
|c 1961
|
| 300 |
|
|
|a 185 strán
|b farebné ilustrácie
|c 25 cm
|
| 366 |
|
|
|e 5650 kusov
|
| 500 |
|
|
|a Preložené z češtiny
|
| 650 |
0 |
7 |
|a hematológia
|2 SNKPH
|9 904
|
| 655 |
|
7 |
|a atlasy
|2 SNKPH
|9 70424
|
| 700 |
1 |
|
|a Špacová, Zdeňka
|4 trl
|9 532619
|
| 852 |
|
|
|a Slovenská národná knižnica
|
| 954 |
|
|
|a odborná, vedecká literatúra cudzojazyčná (svetová)
|2 lita
|
| 958 |
|
|
|a RK
|
| 958 |
|
|
|a TL
|
| 958 |
|
|
|a OND
|
| 958 |
|
|
|a OP
|
| 958 |
|
|
|a CZ
|
| 958 |
|
|
|a MI
|
| 958 |
|
|
|a EUIPO
|
| 999 |
|
|
|c 1122472
|d 1124402
|
| 952 |
|
|
|t P60, <04>, [BOOK], {604}
|a SNK
|b SNK
|y VYP
|7 0
|p 17A0031488
|o snkSC 16095 D1
|0 0
|1 0
|4 0
|d 1997-01-14
|l 0
|r 2005-01-01 00:00:00
|w 2026-02-24
|
| 952 |
|
|
|a SNK
|b SNK
|y PREZ
|7 0
|p 17A0842064
|o snkSC 16095
|i snkKSP 304/2020
|0 0
|1 0
|4 0
|d 2020-05-07
|f 1
|l 0
|r 2025-07-18 00:00:00
|w 2026-02-24
|